000 00469nam a2200181Ia 4500
008 230524s9999 xx 000 0 und d
020 _a8131708888
082 _a621.382
_bHEL
100 _aAlbert D.Helfrick
245 0 _aModern Electronic Instrumentation & Measurement Techniques
250 _a1ST
260 _aNEW DELHI
_bPHI
_c2005
300 _a446
500 _aQuantity Number: 134
650 _aElectronics
700 _a William D.Cooper
942 _cBK
999 _c17414
_d17414